000
00197 a2200097 4500
020
_a
9780763670566
041
_a
spa
100
_a
Ayres, Katherine
245
_a
Arriba, abajo y alrededor
942
_c
BK
999
_c
9157
_d
9157